Normal view
MARC view
Entry Nombre de reunión
001 - NÚMERO DE CONTROL
- campo de control: 56619
003 - IDENTIFICADOR DEL NÚMERO DE CONTROL
- campo de control: OSt
005 - FECHA Y HORA DE LA ÚLTIMA TRANSACCIÓN
- campo de control: 20200615034811.0
008 - DATOS DE LONGITUD FIJA
- campo de control de longitud fija: 200615|| aca||aabn | a|a d
040 ## - FUENTE DE LA CATALOGACIÓN
- Centro catalogador/agencia de origen: OSt
- Centro/agencia transcriptor: OSt
111 ## - ENCABEZAMIENTO--NOMBRE DE CONGRESO/REUNIÓN
- Nombre de congreso/reunión o jurisdicción como elemento de entrada: Congreso internacional de de la Asociación de Lingüística y Filología de América Latina
- Fecha del congreso/reunión: (1989:
- Sede del congreso/Lugar de la reunión: Santo Domingo
- Número del congreso/reunión o número de parte o sección: 7a : 6 octubre )
670 ## - FUENTE DE DATOS ENCONTRADOS
- Cita de la fuente: Work cat.: (OSt)29367: Congreso internacional de de la Asociación de Lingüística y Filología de América Latina (1989: Santo Domingo 7a : 6 octubre ), Apuntes para la historia de los estudios lingüísticos en la República Dominicana /, 1990.
